Statistiche per In quale anno? - Quiz n°1

Clicka qui per fare il quiz!

Statistiche generali

  • Questo quiz è stato fatto 16 volte
  • Il punteggio medio è 3 su 8

Statistiche sulle risposte

DomandaRisposta% Corretto
Alla Conferenza di Wannsee di Berlino viene predisposta la soluzione finale della questione ebraica.1942
67%
Guerra del Vietnam: Lyndon B. Johnson annuncia l'intenzione di aumentare le truppe nel Vietnam del Sud da 75.000 a 125.000.1965
67%
Roma: inaugurazione di Cinecittà1937
47%
Caligola inaugura il secondo consolato, che eserciterà per 30 giorni.39
47%
Nascita del Partito Socialdemocratico di Germania1875
13%
L'Italia mette al bando la schiavitù in Somalia.1903
13%
Italia: il primo referendum costituzionale della storia repubblicana approva le "Modifiche al Titolo V della Parte II della Costituzione (Regioni, Province, Comuni), segnando il passaggio da uno Stato regionale ad una Repubblica delle autonomie.2001
13%
Filippo Augusto re di Francia ordina la costruzione di una roccaforte a Parigi. Prima versione di quello che diventerà famoso come Louvre.1190
7%

Distribuzione punteggi

Percentile per numero di risposta

Percentuale di utenti per punteggio

I tuoi punteggi nel tempo

Non hai fatto questo quiz